Ball and roller bearings (Record no. 10637)

000 -LEADER
fixed length control field 00510nam a2200205 4500
001 - CONTROL NUMBER
control field 10637
003 - CONTROL NUMBER IDENTIFIER
control field BD-DhUET
008 - FIXED-LENGTH DATA ELEMENTS--GENERAL INFORMATION
fixed length control field 150209b xxu||||| |||| 00| 0 eng d
020 ## - INTERNATIONAL STANDARD BOOK NUMBER
International Standard Book Number 0853345988
040 ## - CATALOGING SOURCE
Transcribing agency 0
Modifying agency BD-DhUET
082 ## - DEWEY DECIMAL CLASSIFICATION NUMBER
Classification number 621.822
Item number HOU/1976
100 ## - MAIN ENTRY--PERSONAL NAME
Personal name Houghton, P. S.
245 ## - TITLE STATEMENT
Title Ball and roller bearings
250 ## - EDITION STATEMENT
Edition statement 1st ed.
260 ## - PUBLICATION, DISTRIBUTION, ETC. (IMPRINT)
Place of publication, distribution, etc. London
Name of publisher, distributor, etc. Applied Science Publishers
Date of publication, distribution, etc. 1976
300 ## - PHYSICAL DESCRIPTION
Extent viii,427p.
Other physical details ill.
504 ## - BIBLIOGRAPHY, ETC. NOTE
Bibliography, etc Includes bibliographies
650 #0 - SUBJECT ADDED ENTRY--TOPICAL TERM
Topical term or geographic name as entry element Lubrication
942 ## - ADDED ENTRY ELEMENTS (KOHA)
Koha item type General Book
Holdings
Koha full call number Damaged status Koha item type Date acquired Piece designation (barcode) Koha normalized classification for sorting Source of classification or shelving scheme Not for loan Withdrawn status Copy number Sublocation or collection (holding branch) Price effective from Koha date last seen Shelving location Location (home branch) Lost status
621.822/HOU/1976 General Book2015-02-0956540621_822000000000000_HOU_1976   1Central Library, BUET2015-02-092015-02-09Circulation sectionCentral Library, BUET 
621.822/HOU/1976 General Book2015-02-0957487621_822000000000000_HOU_1976   2Central Library, BUET2015-02-092017-04-30Circulation sectionCentral Library, BUET